01132nam a2200265 a 450000100060000000300080000600500170001400800410003103500190007204000350009104100080012608200220013410000340015624501540019025000120034426000550035630000290041150400270044065000350046770000630050294200120056599900170057795201370059495201350073159366BD-RjUL20211209080724.0161224s1962 ilua b 001 0 eng  a(BD-RjUL)59490 aDLCcODaWUdNIICdBD-RjULbeng aeng 223a658bSMP 19621 aSmith, George Albert,917657810aPolicy formulation and administration :ba casebook of top management problems in business /cby George Albert Smith, Jr., and C. Roland Christensen. a4th ed. aHomewood, Ill.,bR.D. Irwin,c1962 [printing 1963] a811 p. :bill. ;c24 cm. aIncludes bibliography. 0aIndustrial management.91710141 aChristensen, C. Rolandq(Carl Roland),d1919-1999,9231521 2ddccBK c59366d59366 00102ddc40718NFICaRUCLbRUCLcReadingd1965-10-28eZeitlingerg70.00l0o658 SMP 1962r2016-12-24 00:00:00tC-1w2016-12-24yBK 00102ddc40708NFICaRUCLbRUCLcStackd1965-10-28eZeitlingerg70.00l0o658 SMP 1963r2019-05-05 00:00:00tC-2w2021-12-09yBK